AH International Schools' Libraries

Normal view MARC view
  • North America

Entry Geographic Name

Number of records used in: 1

001 - CONTROL NUMBER

  • control field: 86962

003 - CONTROL NUMBER IDENTIFIER

  • control field: OSt

005 - DATE AND TIME OF LATEST TRANSACTION

  • control field: 20251203092602.0

008 - FIXED-LENGTH DATA ELEMENTS

  • fixed length control field: 251203|| aca||aabn | a|a d

040 ## - CATALOGING SOURCE

  • Original cataloging agency: OSt
  • Transcribing agency: OSt

151 ## - HEADING--GEOGRAPHIC NAME

  • Geographic name: North America
  • General subdivision: Discovery and exploration
  • Form subdivision: Fiction

670 ## - SOURCE DATA FOUND

  • Source citation: Work cat.: (OSt)49825: Luby, Brittany, author. 86961, Encounter /

For any Logos Library related questions please contact Miss Art at swongnarasuk@asianhope.org.

For any Asian Hope Library related questions please contact Miss Raza at graza@asianhope.org.

Powered by Koha